music trivia: identify the decade by the artists, vol. 3 - Statistics

General Stats
  • This quiz has been taken 50 times
  • The average score is 12 of 15
Answer Stats
Hint Answer % Correct
The Verve, Blur, Boyz II Men, Flaming Lips, Golden Smog, They Might Be Giants the '90s
95%
The Miracles, Sam Cooke, Mickey & Sylvia, The Marvelettes, Roy Orbison the '60s
93%
Cat Stevens, Harry Nilsson, The Jackson 5, Leo Sayer, Kansas, The O' Jays the '70s
90%
Donald Fagen, J. Geils Band, Journey, Kenny Loggins, Bobby McFerrin the '80s
88%
Ernest Tubb, Louis Jordan, Frank Sinatra, Tommy Dorsey, Thelonious Monk the '40s
86%
The Dandy Warhols, Gillian Welch, P!nk, Aimee Mann, Rufus Wainwright the '00s
83%
Patti Page, Perry Como, Edith Piaf, The Drifters, Doris Day, Frankie Lymon the '50s
83%
Warren Zevon, Steve Earle, Stryper, Simply Red, Bananarama, Prefab Sprout the '80s
83%
Paul Robeson, Al Jolson, Duke Ellington, Josephine Baker, Jelly Roll Morton the '20s
81%
Fred Astaire, Coleman Hawkins, Sister Rosetta Tharp, Robert Johnson, Billie Holiday the '30s
81%
Roy Acuff, Ella Fitzgerald, Woody Guthrie, Bill Monroe, Wynonnie Harris the '40s
79%
The War on Drugs, Spoon, The Little Willies, Kacey Musgraves, Blitzen Trapper the '10s
69%
Eddie Lang, Sidney Bechet, Joe Venuti, Bela Bartok, Art Tatum the '20s
67%
Thomas Dorsey, Maurice Chevalier, Jerome Kern, Paul Whiteman, John McKormack the '30s
67%
Kurt Vile, Haim, Bleachers, Sara Bareilles, Lord Huron, Alabama Shakes the '10s
48%
No matching quizzes found
Score Distribution
Percent of People with Each Score
Percentile by Number Answered
Your Score History
You have not taken this quiz